1443 1719 1312 1123 1947 1062 1813 1634 1359 1231 1673 1397 1019 1978 1040 1047 1677 1933 1694 1908 1750 1766 1501 1822 1096 1327 1998 1187 1531 1730 1617 1054 1544 1284 1043 1878 1161 1356 1044 1523 1230 1910 1576 1244 1261 1678 1753 1173 1720 1534 1649 1557 1054 1472 1090 1239 1847 1549 1245 1528 1768 1385 1938 1817 1015 1421 1761 1473 1890 1915 1941 1301 1302 1209 1643 1054 1943 1931 1999 1537 1096 1677 1935 1674 1095 1805 1742 1825 1955 1592 1771 1007 1087 1593 1685 1098 1088 1640 1926 BCNSPRNW ULIB Ver.6.0+V

เปลี่ยนเป็นภาษาไทย

Change to English
 แสดงรายละเอียดบรรณานุกรม
  กลับหน้าหลัก

Brief Record : Get Marc (ISO 2709) : E-mail record : QR code < ปิดหน้าต่าง
LEADER : 00000nam 2200000uu 4500
001    13399121055
003     ULIB
008    121101s2548||||th 000 0 tha d
020    ^a9746110837
050  4 ^aHV859.T5^bส719ก ล.1
245 00 ^aการจัดการสถานเลี้ยงเด็กในชุมชน =^bManagement of child care centers /^cสาขาวิชาคหกรรมศาสตร์ มหาวิทยาลัยสุโขทัยธรรมาธิราช
246 31 ^aManagement of child care centers
250    ^aพิมพ์ครั้งที่ 8
260    ^aนนทบุรี :^bสำนักพิมพ์มหาวิทยาลัยสุโขทัยธรรมาธิราช,^c2548
300    ^a2 เล่ม :^bภาพประกอบ ;^c30 ซม.
500    ^a"เอกสารการสอนชุดวิชา 70423 หน่วยที่ 1-7, 8-15"- หน้าปกใน
650  4 ^aเด็ก^xการดูแลและสุขวิทยา
650  4 ^aสถานเลี้ยงเด็ก^xการจัดการ
710 2  ^aมหาวิทยาลัยสุโขทัยธรรมาธิราช. ^bสาขาวิชาคหกรรมศาสตร์
945    ^p0^l0^i24385
995    ^aทศพร
999    ^aทศพร เกษรทอง
รายการนี้ยังไม่มีแท็ก
คุณยังไม่ได้ล็อกอิน คุณสามารถมีกิจกรรมร่วมกับเว็บไซต์ได้ แต่ต้องล็อกอินก่อน ::
  ล็อกอิน

รายการสื่อสารสนเทศ

ลำดับที่ ประเภท เลขเรียก/บาร์โค้ด สถานที่ สถานะ
1. วิทยาศาสตร์การแพทย์ และสุขภาพ
วิทยาศาสตร์การแพทย์ และสุขภาพ
HV859.T5 ส719ก ล.1 ฉ.1 
  Barcode: 24385
ห้องสมุดวิทยาเขตสวรรค์ประชารักษ์
►หนังสือทั่วไป
บนชั้น

BibComment


ยังไม่เคยถูกคอมเมนท์

คอมเมนท์ทรัพยากรรายการนี้
  คอมเมนท์: การจัดการสถานเลี..


 Copyright 2026. Bcnsprnw @Library